INTERNATIONAL JOURNAL OF SOCIAL SCIENCE AND NATIONAL DEVELOPMENT (Record no. 37240)
[ view plain ]
| 000 -LEADER | |
|---|---|
| fixed length control field | 00480nam a2200145Ia 4500 |
| 022 ## - INTERNATIONAL STANDARD SERIAL NUMBER | |
| ISSN | 2756-4525 |
| 050 ## - CALL MARK | |
| Classification number | H62 .A1 .I58/ |
| 245 ## - TITLE STATEMENT | |
| Title | INTERNATIONAL JOURNAL OF SOCIAL SCIENCE AND NATIONAL DEVELOPMENT |
| 250 ## - EDITION / VOLUME STATEMENT | |
| Edition / Volume statement | Vol. 4, No. 1, |
| 260 ## - PUBLICATION, DISTRIBUTION, ETC. (IMPRINT) | |
| Place of publication | Ibadan, Oyo State |
| Name of publisher | Center for Educational Development and Technology (CED TECH) |
| Year of publication | 2023 |
| 300 ## - PHYSICAL DESCRIPTION | |
| Number of Pages | vi, 95 p. ; ill. : 26 cm. |
| 650 ## - SUBJECT ADDED ENTRY--TOPICAL TERM | |
| Topical Term | Social sciences--Research--Periodicals |
| 942 ## - ADDED ENTRY ELEMENTS (KOHA) | |
| Koha item type | Serials |
| Source of classification | Library of Congress Classification |
No items available.